Foundations of GMAT Verbal: GMAT Strategy Supplement (Record no. 1640)

000 -LEADER
fixed length control field 00727nam a22002417a 4500
003 - CONTROL NUMBER IDENTIFIER
control field OSt
005 - DATE AND TIME OF LATEST TRANSACTION
control field 20210423060435.0
008 - FIXED-LENGTH DATA ELEMENTS--GENERAL INFORMATION
fixed length control field 210222s2011 ||||| |||| 00| 0 eng d
020 ## - INTERNATIONAL STANDARD BOOK NUMBER
International Standard Book Number 1935707167
020 ## - INTERNATIONAL STANDARD BOOK NUMBER
International Standard Book Number 9781935707165
020 ## - INTERNATIONAL STANDARD BOOK NUMBER
International Standard Book Number 9780974806983 (eISBN)
040 ## - CATALOGING SOURCE
Original cataloging agency eng
Language of cataloging eng
Transcribing agency DLC
041 ## - LANGUAGE CODE
Language code of text/sound track or separate title eng
080 ## - UNIVERSAL DECIMAL CLASSIFICATION NUMBER
Universal Decimal Classification number 37
Item number D-99
100 ## - MAIN ENTRY--PERSONAL NAME
9 (RLIN) 1056
Personal name Dziura, Jennifer
245 ## - TITLE STATEMENT
Title Foundations of GMAT Verbal: GMAT Strategy Supplement
Remainder of title : 8 Guide Instructional Series
Statement of responsibility, etc. / by: Graduate Management Admission Council
260 ## - PUBLICATION, DISTRIBUTION, ETC.
Place of publication, distribution, etc. New York
Name of publisher, distributor, etc. Graduate Management Admission Council
Date of publication, distribution, etc. 2011
300 ## - PHYSICAL DESCRIPTION
Extent 311 p.
Other physical details ill.
365 ## - TRADE PRICE
Price amount 24 usd
650 #0 - SUBJECT ADDED ENTRY--TOPICAL TERM
9 (RLIN) 318
Topical term or geographic name entry element Education
653 ## - INDEX TERM--UNCONTROLLED
Uncontrolled term განათლება
942 ## - ADDED ENTRY ELEMENTS (KOHA)
Source of classification or shelving scheme
Koha item type Books
Holdings
Withdrawn status Lost status Source of classification or shelving scheme Damaged status Not for loan Permanent location Current location Date acquired Inventory number Total Checkouts Full call number Barcode Date last seen Price effective from Koha item type
          Ken Walker International University Ken Walker International University 02/22/2021 1465   37 D-99 1465 02/22/2021 02/22/2021 Books

Powered by Koha